| 000 | 01942nam0a2200349 4500 | ||
|---|---|---|---|
| 001 | RU\NLR\BIBL_A\012521856 | ||
| 005 | 20210826110916.0 | ||
| 010 |
_a978-5-6045219-1-5 _9500 |
||
| 021 |
_aRU _bКН-П-20-089532 _9КН-П-20-6800 |
||
| 035 | _a(NLR Aleph) 012521856 | ||
| 035 | _a(RuMoRGB)010545528 | ||
| 090 |
_a12327609 _c12327609 |
||
| 100 | _a20210519d2020 u y0rusy50 ca | ||
| 101 | 0 | _arus | |
| 102 | _aRU | ||
| 105 | _ay|||z|||000ay | ||
| 181 | 0 |
_ai _baxxe |
|
| 182 | 0 | _an | |
| 200 | 1 |
_aСлучаи из жизни Ивана Петровича Домова _eповести и рассказы _fСтанислав Далецкий |
|
| 203 |
_aТекст _bвизуальный _cнепосредственный |
||
| 210 |
_aМосква _cПлодородие _d2020 |
||
| 215 |
_a447, [1] с. _d21 |
||
| 300 | _aНа 4-й с. обл. авт.: Далецкий С.В., д-р техн. наук, проф., акад. Рос. акад. транспорта и Рос. акад. качества, заслуж. работник транспорта России | ||
| 327 | 0 | _aСодерж.: Окаянные годы: повесть; Случаи из жизни Ивана Петровича Домова: цикл рассказов: В весеннем лесу; Советское детство провинциала; Советская юность провинциала; Учёба в институте; Превратности судьбы; Любовь и дурость; Офицерская служба по призыву; Цель жизни; Встречи с прошлым [и др.] | |
| 686 | 2 | _aШ6(2=Р)8-44 | |
| 700 | 1 |
_aДалецкий _bС.В. _f1944- _gСтанислав Владимирович |
|
| 942 | _cBOOK | ||
| 980 | _aNBR | ||
| 980 | _aNB | ||